| 000 | 00467nam a2200169Ia 4500 | ||
|---|---|---|---|
| 008 | 230917s9999||||xx |||||||||||||| ||und|| | ||
| 020 | _cRS 599.00 | ||
| 040 |
_e5001274 _aMAIN |
||
| 041 | _aEnglish | ||
| 082 | _a320.50954 N163B | ||
| 100 | _aNaqvi, Saba | ||
| 245 | 0 | _aBhagava ka rajanitik paksh: Vajpayee se Modi tak | |
| 260 |
_aNew Delhi _bVani Prakashan _c2019 |
||
| 300 | _a264 p. | ||
| 500 | _a3922 01/01/2020 HBD20/8119 02/01/2020 Main Budget | ||
| 942 | _cBK | ||
| 999 |
_c1006 _d1006 |
||